=LDR 00000nam 2200000 4500 =001 INLIS000000000037210 =005 20130612142942 =008 ***********************************Ind** =035 ##$$a0010-061300000037210 =041 ##$$a Ind =082 ##$$a 813 =090 ##$$a 813, Ari s =100 ##$$a Ariandoko, Dian Dwi =245 ##$$a Sindrom fatalis gagalistus, novel komedi intelek, Dian Dwi Ariandoko ; editor, Sofie Beatrix =260 ##$$a 2010 $b Yogyakarta =300 ##$$a 194 hlm, ilus, 21 cm =650 ##$$a Fiksi Indonesia =700 ##$$a Beatria, Sofie =850 ##$$a NBPNMAT =990 ##$$a 94597/BPAP-NTB/2014